| 000 | 00366 a2200169 4500 | ||
|---|---|---|---|
| 001 | 183350 | ||
| 020 | _a85-16-02768-6 | ||
| 040 | _cMagnum | ||
| 100 | _aMartho, Gilberto Rodrigues | ||
| 240 | 1 | 0 |
_aConceitos de biologia 1 _lpor |
| 245 | 1 | 0 | _aConceitos de biologia 1 |
| 300 | _a222 | ||
| 362 | 0 | _a2001 | |
| 440 | 1 | _aModerna | |
| 697 | _aBIOLOGIA | ||
| 942 | _cBK | ||
| 999 |
_c183350 _d183350 |
||